Normal view
MARC view
- Dram
Entry Topical Term
001 - CONTROL NUMBER
- control field: 111620
003 - CONTROL NUMBER IDENTIFIER
- control field: NUST
005 - DATE AND TIME OF LATEST TRANSACTION
- control field: 20230331091140.0
008 - FIXED-LENGTH DATA ELEMENTS
- fixed length control field: 230331|| aca||aabn | a|a d
040 ## - CATALOGING SOURCE
- Original cataloging agency: NUST
- Transcribing agency: NUST
150 ## - HEADING--TOPICAL TERM
- Topical term or geographic name entry element: Dram
670 ## - SOURCE DATA FOUND
- Source citation: Work cat.: (NUST)191014: Morley, Iris 111619, We stood for freedom / , 1941
